Exercitatio iuridica inauguralis De transactionis validae consectariis, quam ... publicae disquisitioni offert Wilhelmus Bernhardus Jester ... opponentium spartam ornaturi sunt Fridericus Ernest. Jester, Reg. Bor. I.U.C. Daniel. Andreas Zernecke, Gedan. I.U.C. Carol. Gottl. Bock, Friedl. Boruss. I.U.C. d. 6. Sept. a. 1764. ... (Запись № 10358011)
[ простой вид ]
| 000 -МАРКЕР | |
|---|---|
| контрольное поле | 02124nam0a22003851 4500 |
| 001 - ИДЕНТИФИКАТОР ЗАПИСИ | |
| контрольное поле | RU\NLR\A2V1719\12224 |
| 005 - ИДЕНТИФИКАТОР ВЕРСИИ | |
| контрольное поле | 20251203171251.9 |
| 012 ## - ИДЕНТИФИКАТОР ФИНГЕРПРИНТ | |
| Фингерпринт | c.O, 3.in s.i- suui 3 1764A |
| Организация, к которой относится поле | NLR: 10.20.8.22 Аллиг.39 |
| 035 ## - ДРУГИЕ СИСТЕМНЫЕ НОМЕРА | |
| Идентификатор записи | (NLR Aleph) 009854024 |
| 100 ## - ДАННЫЕ ОБЩЕЙ ОБРАБОТКИ | |
| Данные общей обработки | 20091125d1764 u y0rusy50 ca |
| 101 0# - ЯЗЫК РЕСУРСА | |
| Язык текста, звукозаписи и т.д. | латинский |
| 102 ## - СТРАНА ПУБЛИКАЦИИ ИЛИ ПРОИЗВОДСТВА | |
| Страна публикации | российская федерация |
| 200 1# - ЗАГЛАВИЕ И СВЕДЕНИЯ ОБ ОТВЕТСТВЕННОСТИ | |
| Основное заглавие | Exercitatio iuridica inauguralis De transactionis validae consectariis, quam ... publicae disquisitioni offert Wilhelmus Bernhardus Jester ... opponentium spartam ornaturi sunt Fridericus Ernest. Jester, Reg. Bor. I.U.C. Daniel. Andreas Zernecke, Gedan. I.U.C. Carol. Gottl. Bock, Friedl. Boruss. I.U.C. d. 6. Sept. a. 1764. ... |
| 210 ## - ПУБЛИКАЦИЯ, РАСПРОСТРАНЕНИЕ И ДР. | |
| Место издания, распространения и т.д. | Regiomonti [Kaliningrad] |
| Имя издателя, распространителя и т. д. | Litteris Hartungianis |
| Дата издания, распространения и т.д. | [1764] |
| 215 ## - ФИЗИЧЕСКАЯ ХАРАКТЕРИСТИКА | |
| Специфическое обозначение материала и объем | [4], 32 с. |
| Размеры | 4°(19 см) |
| 307 ## - ПРИМЕЧАНИЯ, ОТНОСЯЩИЕСЯ К ФИЗИЧЕСКОМУ ОПИСАНИЮ | |
| Текст примечания | Заставка. Sign.: A-D4 |
| 316 ## - ПРИМЕЧАНИЯ ОБ ОСОБЕННОСТЯХ ЭКЗЕМПЛЯРА | |
| Текст примечания | Припл. к: Flörcke J.E. von. Dissertatio iuridica De contractu aestimatorio tanquam contractu nominato ... - Halae Magdeburgicae [Halle a.d.S., 1756] |
| Организация и экземпляр, к которому относится поле | 10.20.8.22 Аллиг.39 |
| 482 #0 - ПРИПЛЕТЕНО К | |
| Встроенное поле | 001RU\NLR\A2V1719\12180 |
| -- | 2001#$aDissertatio iuridica De contractu aestimatorio tanquam contractu nominato, quam praeside ... D. Ioanne Ernesto Floercke ... ad diem XXVII. Novembr. MDCCLVI. H.L.Q.C. publico eruditorum examini submittit auctor Io. Fridericus Augustus Spekhun Magdeburgensis ... |
| -- | 700#1$6z01790$aFlörcke$bJ.E. von$f1695-1762$gJohann Ernst von$4070 |
| 517 1# - ДРУГИЕ ВАРИАНТЫ ЗАГЛАВИЯ | |
| Вариант заглавия | De transactionis validae consectariis ... |
| 620 ## - МЕСТО И ДАТА ПУБЛИКАЦИИ, ИСПОЛНЕНИЯ И Т. Д. | |
| Город | Kaliningrad |
| 700 #1 - ИМЯ ЛИЦА - ПЕРВИЧНАЯ ОТВЕТСТВЕННОСТЬ | |
| Связь между полями | z01790 |
| Начальный элемент ввода | Jester |
| Часть имени, кроме начального элемента ввода | W.B. |
| Даты | 1736-1785 |
| Расширение инициалов личного имени | Wilhelm Bernhard |
| Код отношения | Автор |
| 702 #1 - ИМЯ ЛИЦА - ВТОРИЧНАЯ ОТВЕТСТВЕННОСТЬ | |
| Связь между полями | z02790 |
| Начальный элемент ввода | Jester |
| Часть имени, кроме начального элемента ввода | F.E. |
| Даты | 1743-1822 |
| Расширение инициалов личного имени | Friedrich Ernst |
| Код отношения | Прочие |
| 702 #1 - ИМЯ ЛИЦА - ВТОРИЧНАЯ ОТВЕТСТВЕННОСТЬ | |
| Начальный элемент ввода | Zernecke |
| Часть имени, кроме начального элемента ввода | D.A. |
| Расширение инициалов личного имени | Daniel Andreas |
| Код отношения | Прочие |
| 702 #1 - ИМЯ ЛИЦА - ВТОРИЧНАЯ ОТВЕТСТВЕННОСТЬ | |
| Начальный элемент ввода | Bock |
| Часть имени, кроме начального элемента ввода | C.G. |
| Расширение инициалов личного имени | Carol. Gottl. |
| Код отношения | Прочие |
| 702 #1 - ИМЯ ЛИЦА - ВТОРИЧНАЯ ОТВЕТСТВЕННОСТЬ | |
| Начальный элемент ввода | Hartung |
| Часть имени, кроме начального элемента ввода | J.H. |
| Даты | 1699-1756 |
| Расширение инициалов личного имени | Johann Heinrich |
| Код отношения | Печатник (типограф) |
| 790 #1 - ИМЯ ЛИЦА - АЛЬТЕРНАТИВНАЯ ФОРМА | |
| Связь между полями | z01700 |
| Начальный элемент ввода | Jester |
| Расширение инициалов личного имени | Wilhelmus Bernhardus |
| Код отношения | Автор |
| 790 #1 - ИМЯ ЛИЦА - АЛЬТЕРНАТИВНАЯ ФОРМА | |
| Связь между полями | z02702 |
| Начальный элемент ввода | Jester |
| Расширение инициалов личного имени | Fridericus Ernest. |
| Код отношения | Прочие |
| 801 #0 - ИСТОЧНИК ЗАПИСИ | |
| Страна | российская федерация |
| Организация | NLR |
| Дата составления | 20091125 |
| 852 ## - МЕСТОНАХОЖДЕНИЕ И ШИФР ХРАНЕНИЯ | |
| Идентификатор организации | NLR |
| Шифр хранения (Call Number) | 10.20.8.22 Аллиг.39 |
| 942 ## - ДОПОЛНИТЕЛЬНЫЕ ЭЛЕМЕНТЫ ЗАПИСИ (АБИС) | |
| Тип экземпляра АБИС | Книга |
| 980 ## - КОЛЛЕКЦИЯ | |
| Название коллекции | Национальная библиография |
| 980 ## - КОЛЛЕКЦИЯ | |
| Название коллекции | Иностранная рекаталогизация: 17-19 век |
Нет доступных экземпляров.